000 00745nam a2200253Ia 4500
003 OSt
005 20221005033525.0
006 a|||||r|||| 00| 0
007 ta
008 221004b |||||||| |||| 00| 0 urd d
020 _a8188912700 (hbk)
_c250
024 _a27110
037 _b4692, 09/03/2016, Kitabi Duniya
_cTextual
040 _aCRL
_cCRL
_burd
041 _2urd
_aurd
082 _aO168,3NBEx, Q6
100 _aBetab. Ishrat Au.
_9586153
245 0 _aSafar Jari hai
260 _aDelhi
_bBook Corporation. India
_c2016
300 _a127p.
_ccm.
650 _aURDU FICTION
_93298
942 _hO168,3NBEx, Q6
_cTEXL
_2cc
999 _c941657
_d941657